[Event "Athens Smaok op 8th"]
[Site "Athens"]
[Date "2008.09.19"]
[Round "1.6"]
[White "Georgopoulou, Anastasia"]
[Black "Tepelenis, Nikolaos"]
[Result "0-1"]
[WhiteElo "1620"]
[BlackElo "2153"]
[PlyCount "48"]
[EventDate "2008.09.20"]
[EventType "swiss"]
[EventRounds "4"]
[EventCountry "GRE"]
[SourceTitle "EXT 2024"]
[Source "ChessBase"]
[SourceDate "2023.10.10"]
[SourceVersion "1"]
[SourceVersionDate "2023.10.10"]
[SourceQuality "1"]

1. e4 d6 2. d4 Nf6 3. Nc3 g6 4. f4 Bg7 5. Nf3 0-0 6. Bd3 Bg4 7. 0-0 Nc6 8. Be3 e5 9. fxe5 dxe5 10. dxe5 Nxe5 11. Be2 Nc6 12. Qe1 Re8 13. Bd3 Nd7 14. Qg3 Nce5 15. Nxe5 Nxe5 16. Rf4 Be6 17. Be2 c6 18. Raf1 Nc4 19. Bxc4 Bxc4 20. Rd1 Qc7 21. Qf3 Rad8 22. Rf1 Bxf1 23. Qxf1 Be5 24. Rh4 Bd4 0-1